书目信息 |
| 题名: |
机械制图
|
|
| 作者: | 唐树忠 编 | |
| 分册: | ||
| 出版信息: | 天津 天津大学出版社 1994.08 |
|
| 页数: | 146页 | |
| 开本: | 16开 | |
| 丛书名: | ||
| 单 册: | ||
| 中图分类: | ||
| 科图分类: | ||
| 主题词: | 机械制图:计算机制图 | |
| 电子资源: | ||
| ISBN: | 7-5618-0657-4 | |
| 000 | 00530nam0 2200193 45 | |
| 001 | 9911010892 | |
| 005 | 20001011103331.5 | |
| 010 | @a7-5618-0657-4@d10.50元 | |
| 100 | @a19991101d1994 km y0chiy0120 ea | |
| 101 | @achi | |
| 200 | 1 | @a机械制图@AJi Xie Zhi Tu@f唐树忠等编@FTang Shu Zhong Deng Bian |
| 210 | @a天津@c天津大学出版社@d1994.08 | |
| 215 | @a146页@d16开 | |
| 606 | 0 | @a机械制图:计算机制图 |
| 690 | @v3 | |
| 690 | @aTH126@v3 | |
| 701 | @a唐树忠@4编 | |
| 801 | @aCN@bPFTUser@c19991101 | |
| 905 | @dTH126@eT977@b175324-325@f2 | |
| 机械制图/唐树忠等编.-天津:天津大学出版社,1994.08 |
| 146页;16开 |
| ISBN 7-5618-0657-4:10.50元 |
| ● |
| 相关链接 |
|
|
|
正题名:机械制图
索取号:TH126/T977
 
预约/预借
| 序号 | 登录号 | 条形码 | 馆藏地/架位号 | 状态 | 备注 |
| 1 | 175324 | 201753245 | 自科库501/501自科库 35排4列4层/ [索取号:TH126/T977] | 在馆 | |
| 2 | 175325 | 201753254 | 自科库501/501自科库 35排4列4层/ [索取号:TH126/T977] | 在馆 | |
| 3 | 64597 | 200645971 | 自科库501/501自科库 35排4列4层/ [索取号:TH126/T977] | 在馆 | |
| 4 | 64598 | 200645980 | 自科二线504/504自科库 13排1列5层/ [索取号:TH126/T977] | 在馆 | |
| 5 | 64599 | 200645999 | 自科二线504/504自科库 13排1列5层/ [索取号:TH126/T977] | 在馆 | |
| 6 | 64600 | 200646006 | 自科二线504/504自科库 13排1列5层/ [索取号:TH126/T977] | 在馆 | |
| 7 | 64601 | 200646015 | 自科二线504/504自科库 13排1列5层/ [索取号:TH126/T977] | 在馆 | |
| 8 | 64602 | 200646024 | 自科二线504/504自科库 13排1列5层/ [索取号:TH126/T977] | 在馆 | |
| 9 | 64603 | 200646033 | 自科库501/501自科库 35排4列4层/ [索取号:TH126/T977] | 在馆 | |
| 10 | 64604 | 200646042 | 自科二线504/504自科库 13排1列5层/ [索取号:TH126/T977] | 在馆 | |
| 11 | 64605 | 200646051 | 自科库501/501自科库 35排4列4层/ [索取号:TH126/T977] | 在馆 | |
| 12 | 64606 | 200646060 | 自科二线504/504自科库 13排1列5层/ [索取号:TH126/T977] | 在馆 |